000 00392nam a2200133Ia 4500
008 220216s9999 xx 000 0 und d
100 _aMattson Bengt
245 0 _aThermo-oxidative degradation and stabilisation of rubber materials
260 _bProgress in Rubber and Plastics technology
_c1993
300 _aJan-53
650 _aOxidative ageing
700 _aStenberg Bengt
942 _cJS
999 _c71262
_d71262